| 000 | 00999cam a22002653a 4500 | ||
|---|---|---|---|
| 001 | 12930 | ||
| 003 | PGUSA | ||
| 005 | 20140828083259.0 | ||
| 008 | 040717s2004||||xxu|||||s|||||000 | eng d | ||
| 040 |
_aPGUSA _beng |
||
| 042 | _adc | ||
| 050 | 4 | _aDA | |
| 100 | 1 |
_aFountainhall, John Lauder, _cLord, _d1646-1722 |
|
| 245 | 1 | 0 |
_aPublications of the Scottish History Society, Volume 36 : _bJournals of Sir John Lauder Lord Fountainhall with His Observations on Public Affairs and Other Memoranda 1665-1676 _h[electronic resource] / _cJohn Lauder, Fountainhall |
| 260 |
_bProject Gutenberg, _c2004 |
||
| 506 | _aPublic domain in the USA. | ||
| 516 | _aElectronic text | ||
| 653 | _aFrance -- Description and travel | ||
| 653 | _aFountainhall, John Lauder, Lord, 1646-1722 -- Diaries | ||
| 653 | _aGreat Britain -- Description and travel | ||
| 653 | _aJudges -- Great Britain -- Diaries | ||
| 830 | 0 |
_aProject Gutenberg _v12930 |
|
| 856 | 4 | 0 | _uhttp://www.gutenberg.org/ebooks/12930 |
| 942 | _cEB | ||
| 999 |
_c242185 _d242185 |
||